El marxismo

Збережено в:
Бібліографічні деталі
Автор: Lefebvre, Henri (Автор)
Формат: Книга
Мова:Іспанська
Опубліковано: Buenos Aires EUDEBA 1961
Серія:Lectores EUDEBA
Предмети:
Теги: Додати тег
Немає тегів, Будьте першим, хто поставить тег для цього запису!

MARC

LEADER 00000nam a2200000 a 4500
001 UCS6622
003 CL-VaPUC
008 970926e19610000AG |||||||||||||||||spa|d
082 0 4 |a 335.4  |b LEF  |2 21 
100 |a Lefebvre, Henri  |e author  |9 581970 
245 1 3 |a El marxismo 
300 |a 126 p 
942 |c BK 
945 |d 19970926 00:00:00  |a lriquelm 
260 |a Buenos Aires  |b EUDEBA  |c 1961 
650 7 |a MARXISMO  |2 CL-VaPUC  |9 391970 
650 0 |a Filosofía marxista  |9 337959 
650 0 |a Moral  |9 265913 
650 7 |a SOCIOLOGIA MARXISTA  |2 CL-VaPUC  |9 340411 
650 0 |a Economía marxista  |9 311435 
650 7 |a POLITICA MARXISTA  |2 CL-VaPUC  |9 391971 
583 |a last modification  |c 19970926 00:00:00  |k Rodrigo Vera 
490 0 |a Lectores EUDEBA 
999 |c 262267  |d 262265 
952 |0 0  |1 0  |4 0  |6 335_400000000000000_LEF_1961  |7 0  |8 DER_TF  |9 290537  |a BIBDER  |b BIBDER  |d 2019-11-19  |i 1885502  |o 335.4 LEF 1961  |p 1885502  |r 2023-01-25  |w 2019-11-19  |x Ubicación 4to Piso  |y BK  |z Estos recursos deben solicitarse con anticipación  |k DER